000
00331nam a22001457a 4500
008
210602b ||||| |||| 00| 0 eng d
020
_a
2900136114528
041
_a
eng
080
_2
7th
_a
330.101.541
082
_a
330.101.541
100
_a
52
101
_a
MAKRO
245
_a
Macroeconomics
_c
Andrew B. Abel
942
_2
udc
_c
BK
999
_c
57931
_d
57931